000 00433nam a22001577a 4500
005 20260110181714.0
008 260110b |||||||| |||| 00| 0 eng d
020 _a9780077449520
_qpbk
082 _a301
_bWIT
100 _aCUSTOM, SOC 101
245 _aSOC 2010
_b Special Edition for Wor-Wic Community College
260 _aAmerica
_b McGraw-Hill Learning Solutions
_c2010
300 _a416
504 _aindex
942 _cENGLISH
999 _c608171
_d608171